Cestou dôsledných premien

Bibliographic Details
Main Author: Špirko, Juraj, 1947- (Author)
Format: Article
Language:Slovak
Subjects:

MARC

LEADER 00000nab a2200000 a 4500
001 vtls000113410
003 SK-MaSNL
005 20260303023824.0
008 111104c1982 xo 0 slo
015 |a SNBRB19rr/mm-uuuuu 
035 |a CL0123513 
040 |a SNKBUCL  |b slo  |c SNKBUCL  |e AACR2 
041 0 |a slo 
044 |a xo  |c SK 
080 |a 943.7  |2 1981 
100 1 |a Špirko, Juraj,  |d 1947-  |4 aut  |9 204667 
245 1 0 |a Cestou dôsledných premien  |c Juraj Špirko 
650 0 7 |a ČSSR  |2 snkbucl  |9 335647 
650 0 7 |a Košický vládny program (1945)  |2 snkbucl  |9 98244 
651 7 |a 5403  |2 snkbucl  |9 893808 
655 7 |a články z novín a časopisov  |2 snkbucl  |9 267496 
773 0 |t Východoslovenské noviny  |g Roč. 31, č. 81 (6. 4. 1982), s. 4 
850 |a Slovenská národná knižnica v Martine  |a MTA001 
852 |a SNK  |b KIS3GCP 
958 |a RK 
992 |a RBX 
999 |c 1636616  |d 1638546